50 Biggest Cities in Transcaucasia With a Map - Statistics

General Stats
  • This quiz has been taken 12 times
  • The average score is 13 of 50
Answers on the Map
Answers color-coded by a green-red scale on the quiz's map according to % correct below.
 
Answer Stats
Country Population City % Correct
Georgia 1,285,300 Tbilisi
100%
Armenia 1,086,677 Yerevan
100%
Azerbaijan 1,291,000 Baku
91%
Georgia 234,600 Batumi
73%
Azerbaijan 299,100 Ganja
64%
Georgia 67,087 Sokhumi
64%
Georgia 52,300 Gori
55%
Armenia 112,301 Gyumri
55%
Georgia 161,200 Kutaisi
55%
Azerbaijan 80,800 Nakhchivan
45%
Georgia 38,000 Poti
45%
Azerbaijan 435,600 Sumqayit
45%
Armenia 75,186 Vanadzor
45%
Georgia 58,000 Zugdidi
45%
Georgia 131,800 Rustavi
36%
Azerbaijan 77,800 Shirvan
36%
Armenia 46,434 Abovyan
27%
Azerbaijan 119,977 Mingachevir
27%
Georgia 34,184 Tshkinvali
27%
Armenia 44,837 Vagharshapat
27%
Armenia 44,231 Hrazdan
18%
Azerbaijan 41,900 Jelilabad
18%
Azerbaijan 58,300 Khankendi
18%
Azerbaijan 213,400 Khirdalan
18%
Azerbaijan 51,600 Lankaran
18%
Azerbaijan 51,700 Aghjabadi
9%
Azerbaijan 77,200 Bakikhanov
9%
Azerbaijan 52,598 Barda
9%
Azerbaijan 89,300 Bina
9%
Azerbaijan 34,525 Goychay
9%
Azerbaijan 52,600 Hövsan
9%
Azerbaijan 37,400 Imishli
9%
Azerbaijan 42,500 Khachmaz
9%
Azerbaijan 42,000 Lökbatan
9%
Azerbaijan 35,800 Mardakan
9%
Azerbaijan 109,900 Mashtaga
9%
Azerbaijan 38,600 Salyan
9%
Azerbaijan 41,100 Saray
9%
Azerbaijan 38,800 Shamakhi
9%
Azerbaijan 40,600 Shamkir
9%
Azerbaijan 65,900 Sheki
9%
Azerbaijan 65,500 Yevlakh
9%
Azerbaijan 45,100 Zabrat
9%
Azerbaijan 85,900 Bilajari
0%
Azerbaijan 50,200 Binagadi
0%
Azerbaijan 38,300 Buzovna
0%
Azerbaijan 34,200 Nasosnyy
0%
Azerbaijan 84,600 Qaraçuxur
0%
Azerbaijan 58,500 Rasulzade
0%
Azerbaijan 44,500 Romana
0%
No matching quizzes found
Score Distribution
Percent of People with Each Score
Percentile by Number Answered
Your Score History
You have not taken this quiz